000 00626cam a2200217 4500500
005 20260405002427.0
041 _afre
042 _adc
100 1 0 _aLacroix, Samuel
_eauthor
245 0 0 _aL’Âge de la régression
260 _c2017.
500 _a85
690 _aCatherine Portevin
690 _aDéclin
690 _aGauche
690 _aPaul Klee
690 _aWalter Benjamin
690 _aZygmunt Bauman
786 0 _nPhilosophie magazine | 109 | 5 | 2017-05-01 | p. 43-45 | 1951-1787
856 4 1 _uhttps://shs.cairn.info/magazine-philosophie-magazine-2017-5-page-43?lang=fr&redirect-ssocas=7080
999 _c2057568
_d2057568